Cartas comerciales y documentos (Record no. 172489)
[ view plain ]
| 000 -LEADER | |
|---|---|
| campo de control de longitud fija | 00780nam a2200217 i 4500 |
| 001 - NÚMERO DE CONTROL | |
| campo de control | 172489 |
| 003 - IDENTIFICADOR DE NÚMERO DE CONTROL | |
| campo de control | ES-MaACL |
| 005 - FECHA Y HORA DE LA ÚLTIMA TRANSACCIÓN | |
| campo de control | 20250902013910.0 |
| 008 - DATOS DE LONGITUD FIJA--INFORMACIÓN GENERAL | |
| campo de control de longitud fija | 090710s1980 sp |||| | spa d |
| 017 ## - NÚMERO DE COPYRIGHT O DE DEPÓSITO LEGAL | |
| Número de copyright o de depósito legal | LO 48-1963 |
| 020 ## - NÚMERO INTERNACIONAL ESTÁNDAR DEL LIBRO | |
| Número Internacional Estándar del Libro | 84-300-6000-6 |
| 080 ## - NÚMERO DE LA CLASIFICACIÓN DECIMAL UNIVERSAL | |
| Número de la Clasificación Decimal Universal | 651.7(083.2) |
| 100 1# - ENTRADA PRINCIPAL--NOMBRE DE PERSONA | |
| Nombre de persona | Pascual Martínez, Andrés. |
| 9 (RLIN) | 141029 |
| 245 10 - MENCIÓN DEL TÍTULO | |
| Título | Cartas comerciales y documentos |
| Resto del título | : adaptadas para los últimos cursos de Enseñanza G. Básica, clases de adultos y Bibliotecas escolares / |
| Mención de responsabilidad, etc. | Andrés Pascual Martínez. |
| 260 ## - PUBLICACIÓN, DISTRIBUCIÓN, ETC. | |
| Lugar de publicación, distribución, etc. | Logroño : |
| Nombre del editor, distribuidor, etc. | Ochoa, |
| Fecha de publicación, distribución, etc. | 1980. |
| 300 ## - DESCRIPCIÓN FÍSICA | |
| Extensión | 183 p. : |
| Otras características físicas | il. ; |
| Dimensiones | 21 cm. |
| 650 #7 - PUNTO DE ACCESO ADICIONAL DE MATERIA--TÉRMINO DE MATERIA | |
| Término de materia o nombre geográfico como elemento de entrada | Correspondencia comercial |
| Fuente del encabezamiento o término | embne |
| 9 (RLIN) | 157414 |
| 650 04 - PUNTO DE ACCESO ADICIONAL DE MATERIA--TÉRMINO DE MATERIA | |
| Término de materia o nombre geográfico como elemento de entrada | Redacción- |
| Subdivisión general | Didáctica. |
| 9 (RLIN) | 16707 |
| 852 ## - LOCALIZACIÓN | |
| Ubicación | ES-MaACL |
| Número de control de estantería | E-12804 |
| itemnumber | R.143582 |
| Estatus retirado | Estado de pérdida | Estado de daño | No para préstamo | Biblioteca de origen | Biblioteca actual | Ubicación en estantería | Fecha de adquisición | Fuente de adquisición | Total de préstamos | Signatura topográfica completa | Código de barras | Visto por última vez | Precio de reemplazo | Tipo de ítem Koha |
|---|---|---|---|---|---|---|---|---|---|---|---|---|---|---|
| Biblioteca del Ateneo de Madrid | Biblioteca del Ateneo de Madrid | Depósito 2 | 10/07/2009 | E-12804 | 1181015 | 23/02/2023 | 23/02/2023 | Libro impreso |
